[Event "Reykjavik"]
[Site "Reykjavik"]
[Date "1992.??.??"]
[Round "5"]
[White "Thorsteins, Karl"]
[Black "Stefansson, Hannes"]
[Result "1/2-1/2"]
[WhiteElo "2485"]
[BlackElo "2455"]

1.d4 Nf6 2.c4 g6 3.Nc3 Bg7 4.e4 O-O 5.Nf3 d6 6.Be2 e5 7.O-O Nc6 8.Be3 Ng4
9.Bg5 f6 10.Bc1 Nh6 11.dxe5 dxe5 12.Qd5+ Nf7 13.Be3 Bg4 14.h3 Bxf3 15.Bxf3 Nd4
16.Bxd4 exd4 17.Ne2 c6 18.Qxd4 Ne5 19.Rfd1 Qe8 20.Qc3 f5 21.Qc2 Nxf3+ 22.gxf3 Qe7
23.Ng3 fxe4 24.Qxe4 Qf7 25.Rd3 Rae8 26.Qh4 Bxb2 27.Rad1 c5 28.Rd7 Re1+ 29.Rxe1 Qxd7
30.Re7 Qd1+ 31.Nf1 Bg7 32.Rxb7 Qxf3 33.Rxa7 h6 34.Nh2 Qe2 35.Ng4 Qd1+ 36.Kg2 Qf3+
37.Kg1 Qd1+ 38.Kg2 Qf3+ 39.Kh2 Qf4+ 40.Kg1 Qd4 41.Qe7 Kh8 42.Rd7 Qb2 43.Rb7 Qd4
44.a4 Qc3 45.a5 h5 46.Nh2 Qd4 47.Qe3  1/2-1/2

[Event "DEN-chJ int"]
[Site "Ringsted"]
[Date "1992.??.??"]
[Round "5"]
[White "Lauridsen, Jesper Morck"]
[Black "Antonsen, Mikkel"]
[Result "1-0"]
[WhiteElo "2225"]
[BlackElo "2390"]

1.d4 Nf6 2.c4 g6 3.Nc3 Bg7 4.e4 O-O 5.Nf3 d6 6.Be2 e5 7.O-O Nc6 8.d5 Ne7
9.a4 a5 10.Kh1 Nd7 11.Ng1 f5 12.exf5 gxf5 13.f4 Ng6 14.Nh3 Nc5 15.Be3 Qe7
16.Nb5 Ne4 17.fxe5 Bxe5 18.Qc2 c6 19.Nd4 Bd7 20.Rad1 cxd5 21.cxd5 Rac8 22.Qb1 Bxd4
23.Bxd4 Bxa4 24.b3 Nc3 25.Bxc3 Rxc3 26.Bd3 Bxb3 27.Rde1 Qg7 28.Bxf5 Bxd5
29.Ng5 Kh8 30.Be6 Rxf1+ 31.Rxf1 Bxg2+ 32.Kxg2 Nf4+ 33.Kh1 Qc7 34.Qf5 Qc6+
35.Ne4  1-0

[Event "Rishon Le Ziyyon"]
[Site "Rishon Le Ziyyon"]
[Date "1992.??.??"]
[Round "7"]
[White "Friedman, Aviv"]
[Black "Hebden, Mark"]
[Result "0-1"]
[WhiteElo "2300"]
[BlackElo "2510"]

1.Nf3 Nf6 2.c4 g6 3.Nc3 Bg7 4.e4 O-O 5.d4 d6 6.Be2 e5 7.O-O Nc6 8.d5 Ne7
9.b4 Kh8 10.c5 Neg8 11.Nd2 Ne8 12.Nc4 f5 13.a4 Nh6 14.a5 f4 15.a6 b6 16.cxb6 cxb6
17.b5 Bd7 18.Ba3 Rc8 19.f3 Nf7 20.Rb1 Bf6 21.g4 h5 22.gxh5 Bh3 23.hxg6 Rg8
24.Kh1 Rxg6 25.Rg1 Rh6 26.Rb2 Ng7 27.Na2 Nh5 28.Nb4 Ng3+ 29.Rxg3 fxg3 30.Nc6 Qd7
31.Bf1 Rg8 32.Ne3 Bg5 33.Bxh3 Qxh3 34.Ng4 Bf4 35.Qe2 Rxg4 36.fxg4 g2+ 37.Qxg2 Qxa3
38.Rf2 Ng5 39.Nxa7 Bxh2 40.Qxh2 Rxh2+ 41.Rxh2+ Kg7  0-1

[Event "Rishon Le Ziyyon"]
[Site "Rishon Le Ziyyon"]
[Date "1992.??.??"]
[Round "9"]
[White "Greenfeld, Alon"]
[Black "Birnboim, Nathan"]
[Result "1-0"]
[WhiteElo "2535"]
[BlackElo "2395"]

1.Nf3 Nf6 2.c4 g6 3.Nc3 Bg7 4.e4 d6 5.d4 O-O 6.Be2 e5 7.O-O Nc6 8.d5 Ne7
9.Nd2 Ne8 10.b4 f5 11.c5 Kh8 12.a4 Ng8 13.Nc4 Nh6 14.Ba3 f4 15.b5 b6 16.cxd6 cxd6
17.Bb4 Rb8 18.a5 g5 19.axb6 axb6 20.Bh5 Nf6 21.Bxd6 Nxh5 22.Bxb8 f3 23.Bxe5 Bxe5
24.Nxe5 fxg2 25.Re1 Nf4 26.Qd4 Nh3+ 27.Kxg2 Rxf2+ 28.Kh1 Qf6 29.Nf7+ Nxf7
30.Qxf6+ Rxf6 31.Ra8 Ne5 32.Rxc8+ Kg7 33.Rc7+ Kg8 34.Ra1 Rf8 35.Raa7  1-0

[Event "ROM-ch"]
[Site "?"]
[Date "1992.??.??"]
[Round "6"]
[White "Cosma, Ioan"]
[Black "Milu, Romeo Sorin"]
[Result "1/2-1/2"]
[WhiteElo "2400"]
[BlackElo "2420"]

1.d4 Nf6 2.c4 g6 3.Nf3 Bg7 4.Nc3 O-O 5.e4 d6 6.Be2 e5 7.O-O Nc6 8.Be3 Re8
9.dxe5 dxe5 10.h3 Nh5 11.Qxd8 Nxd8 12.c5 Nf4 13.Bc4 Nde6 14.Rfd1 c6 15.Kh2 Nc7
16.Bf1 Nfe6 17.Rac1 f5 18.Bc4 Kh8  1/2-1/2

[Event "ROM-chT"]
[Site "?"]
[Date "1992.??.??"]
[Round "?"]
[White "Vidoniak, Roman"]
[Black "Milu, Romeo Sorin"]
[Result "0-1"]
[WhiteElo "2405"]
[BlackElo "2400"]

1.d4 Nf6 2.c4 g6 3.Nc3 Bg7 4.e4 d6 5.Be2 O-O 6.Nf3 e5 7.O-O Nc6 8.d5 Ne7
9.Nd2 a5 10.Rb1 Nd7 11.a3 f5 12.b4 Kh8 13.Qc2 Ng8 14.f3 Ngf6 15.Bd3 f4 16.Nb5 b6
17.Bb2 Ne8 18.Nb3 a4 19.Nc1 h5 20.Be2 g5 21.Nd3 Ndf6 22.c5 Nh7 23.Nf2 Rg8
24.cxb6 cxb6 25.Qc6 Ba6 26.Qc2 Bc8 27.Nc3 Bf8 28.h3 Nef6 29.Qd1 Ra7 30.Nxa4 Rag7
31.Rc1 Bd7 32.Rc3 g4 33.fxg4 hxg4 34.hxg4 Nxg4 35.Bxg4 Bxg4 36.Nxg4 Rxg4
37.Rf2 Qg5 38.Qc2 Qh5 39.Kf1 Rxg2 40.Rcf3 Rg1+ 41.Ke2 Ng5  0-1

[Event "San Copiapo"]
[Site "San Copiapo"]
[Date "1992.??.??"]
[Round "1"]
[White "Peralta, Eduardo"]
[Black "Egger, Jorge"]
[Result "0-1"]
[WhiteElo "2255"]
[BlackElo "2355"]

1.d4 Nf6 2.c4 g6 3.Nc3 Bg7 4.e4 d6 5.Nf3 O-O 6.Be2 e5 7.O-O Nc6 8.d5 Ne7
9.Nd2 a5 10.a3 Nd7 11.Rb1 f5 12.b4 Kh8 13.f3 Ng8 14.Qc2 Ngf6 15.Nb5 Nh5 16.g3 axb4
17.axb4 Ndf6 18.c5 Bd7 19.Rb3 Bh6 20.Nc3 Be3+ 21.Kh1 Nxg3+ 22.hxg3 Nh5 23.Rg1 Nxg3+
24.Rxg3 Qh4+ 25.Kg2 f4 26.Nf1 Bh3+  0-1

[Event "Sao Paulo op"]
[Site "Sao Paulo"]
[Date "1992.??.??"]
[Round "?"]
[White "Milos, Gilberto"]
[Black "Madeira, Wagner Martins"]
[Result "1/2-1/2"]
[WhiteElo "2515"]
[BlackElo "2285"]

1.d4 Nf6 2.c4 g6 3.Nc3 Bg7 4.Nf3 O-O 5.e4 d6 6.Be2 e5 7.O-O Nc6 8.d5 Ne7
9.Nd2 Nd7 10.b4 f5 11.a4 Nf6 12.c5 Bh6 13.cxd6 cxd6 14.f3 Bd7 15.Nc4 Bxc1
16.Rxc1 Nh5 17.Kh1 Nc8 18.exf5 gxf5 19.g3 f4 20.g4 Nf6 21.a5 Be8 22.Rf2 Kh8
23.g5 Nh5 24.Ne4 Bg6 25.Rg2 Ng7 26.a6  1/2-1/2

[Event "Sao Paulo op"]
[Site "Sao Paulo"]
[Date "1992.??.??"]
[Round "?"]
[White "Resende, Antonio Carlos"]
[Black "Cid, Marino Alejandro"]
[Result "1-0"]
[WhiteElo "2330"]
[BlackElo "2425"]

1.d4 Nf6 2.c4 g6 3.Nc3 Bg7 4.e4 d6 5.Be2 O-O 6.Nf3 e5 7.O-O Nc6 8.d5 Ne7
9.Ne1 Nd7 10.Nd3 f5 11.Bd2 Nf6 12.f3 f4 13.c5 g5 14.cxd6 cxd6 15.Nf2 h5 16.h3 Ng6
17.Qc2 Rf7 18.Rfc1 Nh4 19.Nb5 Ne8 20.Qd1 Bf8 21.a4 Rg7 22.a5 a6 23.Na3 Nf6
24.Be1 g4 25.fxg4 hxg4 26.hxg4 Nh5 27.Nc4 Nxg2 28.Kxg2 Qh4 29.Ra3 Ng3 30.Nd2 Nxe2
31.Rxc8 f3+ 32.Rxf3 Rxc8 33.Qxe2 Be7 34.Nf1 Qh7 35.Rh3 Qg6 36.Ne3 Bg5 37.Nf5 Rgc7
38.Bc3 Rh7 39.Rxh7 Kxh7 40.Qd3 Rh8 41.Qc4 Qf7 42.Nh3 Bd8 43.Qc8 Kg6 44.Nxd6 Qe7
45.Qf5+ Kg7 46.Bxe5+ Kg8 47.Qg6+  1-0

[Event "EU-ch U20"]
[Site "Sas van Gent"]
[Date "1992.??.??"]
[Round "6"]
[White "Barkhagen, Jonas"]
[Black "Turner, Matthew"]
[Result "0-1"]
[WhiteElo "2405"]
[BlackElo "2325"]

1.d4 Nf6 2.c4 g6 3.Nc3 Bg7 4.e4 d6 5.Be2 O-O 6.Nf3 e5 7.O-O Nc6 8.d5 Ne7
9.Ne1 Nd7 10.Nd3 f5 11.Bd2 Nf6 12.f3 f4 13.c5 g5 14.cxd6 cxd6 15.Nf2 Ng6
16.Qc2 h5 17.h3 Rf7 18.Rfc1 Bf8 19.Nb5 Ne8 20.Nxa7 Bd7 21.Nb5 g4 22.fxg4 hxg4
23.hxg4 f3 24.gxf3 Bxb5 25.Bxb5 Rxf3 26.Bxe8 Qh4 27.Bg5 Qg3+ 28.Kf1 Rxe8
29.Qe2 Be7  0-1

[Event "Schoeneck"]
[Site "Schoeneck"]
[Date "1992.??.??"]
[Round "3"]
[White "Schwarz, Peter"]
[Black "Gmeiner, Peter"]
[Result "0-1"]
[WhiteElo "2290"]
[BlackElo "2230"]

1.d4 g6 2.c4 Bg7 3.Nc3 d6 4.e4 Nf6 5.Nf3 O-O 6.Be2 e5 7.O-O Nc6 8.d5 Ne7
9.Ne1 Nd7 10.Nd3 f5 11.Bd2 f4 12.Bg4 Nf6 13.Bxc8 Rxc8 14.f3 h5 15.Nf2 g5
16.Rc1 Kh8 17.Qe2 Neg8 18.b4 Rf7 19.c5 Bf8 20.Nb5 a6 21.Na3 Rg7 22.h3 g4
23.fxg4 hxg4 24.hxg4 Nh6 25.Rc3 Nfxg4 26.Nxg4 Nxg4 27.Rff3 Kg8 28.Rh3 Qg5
29.Nc2 Qg6 30.Ne1 Be7 31.Nf3 Kf7 32.cxd6 Qxd6 33.Rh5 Rcg8 34.Rc2 Qb6+ 35.Kf1 Bd6
36.a3 Ke8 37.Rh3 Be7 38.Rc3 Kd8 39.Ne1 Qg6 40.Bc1 Nf6 41.Rc4 Bd6 42.Bb2 b5
43.Rc6 Rh7 44.Qf3 Nxe4 45.Ke2 Ng5  0-1

[Event "Andalucia-chT"]
[Site "Sevilla"]
[Date "1992.??.??"]
[Round "2"]
[White "Munoz Moreno, Francisco Javier"]
[Black "Garcia Munoz, Juan J"]
[Result "0-1"]
[WhiteElo "2285"]
[BlackElo "2420"]

1.c4 g6 2.e4 d6 3.d4 Bg7 4.Nc3 Nf6 5.Be2 O-O 6.Nf3 e5 7.O-O Nc6 8.d5 Ne7
9.Bg5 h6 10.Bxf6 Bxf6 11.Ne1 Bg5 12.Nf3 Kg7 13.c5 f5 14.cxd6 cxd6 15.Nxg5 hxg5
16.Qd2 f4 17.h3 Ng8 18.Rac1 Nf6 19.g4 fxg3 20.fxg3 Bxh3 21.Rf2 Qb6 22.Bf3 Rac8
23.Re1 g4 24.Bd1 Nh5 25.Qe3 Rxf2 26.Qxf2 Qxf2+ 27.Kxf2 Rf8+ 28.Kg1 a6 29.b4 Nxg3
30.b5 Kh6 31.bxa6 bxa6 32.Na4 Rf4 33.Nb6 Nxe4 34.Bc2 Nd2  0-1

[Event "Shenzhen"]
[Site "Shenzhen"]
[Date "1992.??.??"]
[Round "5"]
[White "Lputian, Smbat G"]
[Black "Xie Jun"]
[Result "1/2-1/2"]
[WhiteElo "2585"]
[BlackElo "2480"]

1.d4 Nf6 2.c4 g6 3.Nc3 Bg7 4.e4 O-O 5.Nf3 d6 6.Be2 e5 7.O-O Nc6 8.d5 Ne7
9.Nd2 a5 10.a3 Nd7 11.Rb1 f5 12.b4 Kh8 13.Qc2 Ng8 14.exf5 gxf5 15.f4 exf4
16.Nf3 Ne5 17.Bxf4 Nxf3+ 18.Bxf3 Nh6 19.c5 Nf7 20.c6 axb4 21.axb4 Ne5 22.Kh1 bxc6
23.dxc6 Qf6 24.Nd5 Qf7 25.Bxe5 dxe5 26.b5 Be6 27.Nxc7 Qxc7 28.b6 Qe7 29.b7 Ra2
30.Qxa2 Bxa2 31.b8=Q Rxb8 32.Rxb8+ Bf8 33.c7 Be6 34.Rc1 e4 35.c8=Q Bxc8 36.Rcxc8 exf3
37.Rxf8+ Kg7 38.Rg8+ Kf7 39.gxf3 Qe1+ 40.Kg2 Qe2+ 41.Kg3 f4+  1/2-1/2

[Event "SLO-ch (Women)"]
[Site "?"]
[Date "1992.??.??"]
[Round "?"]
[White "Orel, Simona"]
[Black "Vospernik, Mira"]
[Result "1/2-1/2"]
[WhiteElo "2150"]
[BlackElo "2135"]

1.d4 Nf6 2.c4 g6 3.Nc3 Bg7 4.e4 d6 5.Nf3 O-O 6.Be2 e5 7.O-O Nc6 8.Be3 Re8
9.d5 Ne7 10.Nd2 Nd7 11.b4 a5 12.a3 f5 13.f3 b6 14.Qb3 Kh8 15.Rfc1 f4 16.Bf2 g5
17.Na4 Rb8 18.Rab1 h5 19.Qd1 Nf6 20.bxa5 Bd7 21.axb6 Bxa4 22.Qxa4 cxb6 23.Rb5 g4
24.Rcb1 Qd7 25.Qb3 Nc8 26.Qd1 Rg8 27.a4 Bh6 28.a5 g3 29.Bxb6 gxh2+ 30.Kxh2 Qg7
31.Qh1 Nxb6 32.Rxb6 Rxb6 33.axb6 Qg3+ 34.Kg1 Ng4 35.fxg4 f3 36.Qh3 Be3+ 37.Kh1 Qxh3+
38.gxh3 fxe2 39.Nf3 hxg4 40.hxg4 Bxb6 41.Rxb6 Rf8 42.Rb1 Rxf3 43.Kg2 Re3
44.Re1 Rxe4 45.Kf3 Rxc4 46.Rxe2 Rd4 47.g5 Kg7 48.Rh2 Rxd5 49.Ke4 Rd4+ 50.Kf5 Rd1
51.Rh6 Rd4 52.Rg6+  1/2-1/2

[Event "Slupsk op"]
[Site "Slupsk"]
[Date "1992.??.??"]
[Round "?"]
[White "Gleizerov, Evgeny"]
[Black "Sznapik, Aleksander"]
[Result "1/2-1/2"]
[WhiteElo "2540"]
[BlackElo "2460"]

1.Nf3 g6 2.c4 Bg7 3.d4 Nf6 4.Nc3 O-O 5.e4 d6 6.Be2 e5 7.O-O Nc6 8.d5 Ne7
9.Nd2 a5 10.a3 Nd7 11.Rb1 f5 12.b4 Kh8 13.Qc2 Nf6 14.f3 Nh5 15.c5 axb4 16.axb4 Nf4
17.Nc4 g5 18.Be3 Neg6 19.cxd6 cxd6 20.Nb5 Nh4 21.Bxf4 exf4 22.Ncxd6 fxe4
23.Qxe4 Bf5 24.Nxf5  1/2-1/2

[Event "Slupsk op"]
[Site "Slupsk"]
[Date "1992.??.??"]
[Round "?"]
[White "Gleizerov, Evgeny"]
[Black "Urban, Klaudiusz"]
[Result "1-0"]
[WhiteElo "2540"]
[BlackElo "2455"]

1.d4 Nf6 2.c4 g6 3.Nc3 Bg7 4.e4 d6 5.Nf3 O-O 6.Be2 e5 7.O-O Nc6 8.d5 Ne7
9.Nd2 Ne8 10.b4 f5 11.c5 Kh8 12.a4 Ng8 13.Nc4 fxe4 14.cxd6 cxd6 15.Nxe4 Ngf6
16.Nc3 Bf5 17.Be3 Ne4 18.Nxe4 Bxe4 19.f3 Bf5 20.Rc1 Rf7 21.Qd2 Qe7 22.b5 Nf6
23.Rfd1 e4 24.f4 Bg4 25.Bd4 Bxe2 26.Qxe2 Kg8 27.Ne3 Nd7 28.Bxg7 Kxg7 29.Qb2+ Kg8
30.Rc7 Qd8 31.Rdc1 Nc5 32.Rxf7 Kxf7 33.Ng4 Qh8 34.Ne5+ Ke8 35.b6 a6 36.Rxc5 dxc5
37.d6 Rd8 38.Qb3 Rxd6 39.Qf7+ Kd8  1-0

[Event "Alekhine op"]
[Site "Smolensk"]
[Date "1992.??.??"]
[Round "1"]
[White "Shestoperov, Aleksej"]
[Black "Bitman, Alexander R"]
[Result "1-0"]
[WhiteElo "2455"]
[BlackElo "2345"]

1.d4 Nf6 2.Nf3 g6 3.c4 Bg7 4.Nc3 O-O 5.e4 d6 6.Be2 e5 7.O-O Nc6 8.d5 Ne7
9.Ne1 Ne8 10.Nd3 f5 11.Bd2 Nf6 12.f3 f4 13.g4 fxg3 14.hxg3 Kh8 15.Kg2 Neg8
16.Rh1 Rf7 17.Bg5 Qe8 18.Qd2 Qf8 19.Raf1 h6 20.Be3 a6 21.Qd1 Qe8 22.Qd2 c5
23.f4 exf4 24.Nxf4 Re7 25.Ne6 Bxe6 26.dxe6 Rxe6 27.Bf3 Rd8 28.Rh4 b5 29.Rfh1 b4
30.Nd5 Nxe4 31.Qc1 Re5 32.Bxh6 Nxh6 33.Rxh6+ Kg8 34.Nc7 Qe7 35.Rxg6 Qxc7
36.Qh6 Kf8 37.Qh4 Qe7 38.Qf4+ Qf7 39.Rxg7 Qxf4 40.gxf4 Kxg7  1-0

[Event "BUL-ch sf"]
[Site "Sofia"]
[Date "1992.??.??"]
[Round "7"]
[White "Lalev, Dimitar"]
[Black "Dimitrov, Atanas"]
[Result "1-0"]
[WhiteElo "2425"]
[BlackElo "2275"]

1.d4 Nf6 2.c4 g6 3.Nc3 Bg7 4.e4 d6 5.Nf3 O-O 6.Be2 e5 7.O-O Nc6 8.d5 Ne7
9.Nd2 a5 10.Rb1 Bd7 11.b3 Nc8 12.Re1 Ne8 13.Qc2 f5 14.exf5 gxf5 15.f4 exf4
16.Nf3 Ne7 17.Bxf4 Ng6 18.Bg5 Bf6 19.Be3 Ng7 20.Kh1 Ne5 21.Bg1 Kh8 22.Nd4 Qe8
23.Rf1 Qg6 24.Bd3 Rae8 25.Nce2 Bg5 26.Nf4 Qh6 27.Nfe6 Nxe6 28.dxe6 Bxe6 29.Nxf5 Bxf5
30.Bxf5 Be3 31.Bxe3 Qxe3 32.Bxh7 Rf4 33.g3 Rd4 34.Rbe1 Qh6 35.Bd3 Rg8 36.Re4 Rxe4
37.Bxe4 Rxg3 38.Bxb7 Rd3 39.Bg2 Rd2 40.Qf5 Re2 41.h3 Ng6 42.Qc8+ Kg7 43.Qxc7+ Ne7
44.Qd8 Qg5 45.Qf8+ Kg6 46.Be4+  1-0

[Event "St Petersburg"]
[Site "St Petersburg"]
[Date "1992.??.??"]
[Round "?"]
[White "Savchenko, Stanislav"]
[Black "Dydyshko, Viacheslav"]
[Result "0-1"]
[WhiteElo "2500"]
[BlackElo "2500"]

1.d4 Nf6 2.c4 g6 3.Nc3 Bg7 4.e4 d6 5.Nf3 O-O 6.Be2 e5 7.O-O Nc6 8.d5 Ne7
9.Nd2 a5 10.Rb1 Nd7 11.a3 f5 12.b4 Kh8 13.f3 Ng8 14.Qc2 Bh6 15.Nb5 axb4 16.axb4 Ndf6
17.c5 Bd7 18.Rb3 Ra1 19.Qb2 Bxb5 20.Bxb5 Qa8 21.Qc2 fxe4 22.Nxe4 Nxe4 23.Bxh6 Nxh6
24.Qxe4 Rf4 25.Qc2 Nf5 26.cxd6 cxd6 27.Rc3 Qa7+ 28.Kh1 Ne3 29.Rxe3 Rxf1+
30.Bxf1 Qxe3 31.Qc8+ Kg7 32.Qd7+ Kh6  0-1

[Event "St Petersburg-ch op"]
[Site "St Petersburg"]
[Date "1992.??.??"]
[Round "?"]
[White "Ilinsky, Vladimir"]
[Black "Novik, Maxim"]
[Result "1-0"]
[WhiteElo "2340"]
[BlackElo "2420"]

1.d4 Nf6 2.c4 g6 3.Nc3 Bg7 4.e4 d6 5.Nf3 O-O 6.Be2 e5 7.O-O Nc6 8.d5 Ne7
9.Ne1 Nd7 10.Nd3 f5 11.Bd2 Nb6 12.c5 Nc4 13.Bg5 dxc5 14.Nxc5 Nd6 15.f3 h6
16.Be3 b6 17.Na6 g5 18.Rc1 Ng6 19.g3 f4 20.Bf2 h5 21.Qa4 Bd7 22.Nb5 fxg3
23.hxg3 Rc8 24.Qb4 Bxb5 25.Bxb5 h4 26.Rc6 Rxf3 27.Be2 Rf6 28.Bg4 hxg3 29.Bxg3 Rxf1+
30.Kxf1 Qf6+ 31.Kg1 Rf8 32.Qe1 Nh4 33.Nxc7 Qf3 34.Bxf3 Nxf3+ 35.Kh1 Nxe1
36.Rxd6 Rf1+ 37.Kh2 g4 38.Rg6 Nf3+ 39.Kg2 Rg1+ 40.Kf2 Rb1 41.Rxg4 Nd2  1-0

[Event "St Petersburg op"]
[Site "St Petersburg"]
[Date "1992.??.??"]
[Round "?"]
[White "Maksimenko, Andrei"]
[Black "Soloviov, Sergei"]
[Result "1/2-1/2"]
[WhiteElo "2455"]
[BlackElo "2420"]

1.d4 Nf6 2.c4 g6 3.Nc3 Bg7 4.e4 O-O 5.Nf3 d6 6.Be2 e5 7.O-O Nc6 8.d5 Ne7
9.Ne1 Nd7 10.Be3 f5 11.f3 f4 12.Bf2 g5 13.a4 Nf6 14.c5 Ng6 15.a5 h5 16.cxd6 cxd6
17.Nb5 g4 18.Nxa7 Bd7 19.Bb6 Qe7 20.Rc1 g3 21.Bb5 gxh2+ 22.Kh1 Ne8 23.Qa4 Bxb5
24.Nxb5 h4 25.Rc2 Qd7 26.Nc3 Qe7 27.Nb5 Qd7 28.Nc3 Qe7 29.Nd1 h3 30.gxh3 Qh4
31.Rg2 Kh7 32.Kxh2 Qe7 33.Rfg1 Nh8 34.Qc2 Bf6 35.Nd3 Bh4 36.Bf2 Rf7 37.Rg4 Bxf2
38.Qxf2 Rg7 39.Qh4+ Qxh4 40.Rxh4+ Kg8 41.Rxg7+ Kxg7 42.Rg4+ Kf6 43.b4 Nf7
44.Rg1 Nc7 45.N1f2 Nb5 46.Kg2 Ke7 47.Ng4 Rh8 48.Rh1 Rh4 49.Rc1 Kd8 50.Ra1 Ng5
51.Ngf2 Rh8 52.a6 bxa6 53.Rxa6 Kc7 54.Nb2 Nd4 55.Nc4 Ngxf3 56.Nxd6 Nd2 57.Ng4 f3+
58.Kg3 Rd8 59.Nf6 Kb8 60.Nfe8 Nxe4+ 61.Nxe4 Rxe8 62.d6 Rg8+ 63.Kf2 Rg2+ 64.Ke3 Re2+
65.Kd3 f2 66.d7 Kc7 67.Rd6 Kd8 68.Nc5 e4+ 69.Kxd4 Rd2+ 70.Ke3 Rxd6 71.Kxf2 Rb6
72.Ke3 Rxb4 73.Nxe4  1/2-1/2

[Event "Stare Mesto op"]
[Site "Stare Mesto"]
[Date "1992.??.??"]
[Round "?"]
[White "Belov, Igor"]
[Black "Vepkhvishvili, Varlam"]
[Result "1/2-1/2"]
[WhiteElo "2440"]
[BlackElo "2345"]

1.Nf3 Nf6 2.c4 g6 3.Nc3 Bg7 4.e4 d6 5.d4 O-O 6.Be2 e5 7.O-O Nc6 8.Be3 Re8
9.dxe5 dxe5 10.c5 Bg4 11.Bb5 Nh5 12.Nd5 Re6 13.h3 Bxf3 14.Qxf3 Nd4 15.Bxd4 exd4
16.Bc4 a5 17.Rfe1 Be5 18.g3 Rc6 19.Rac1 Rxc5 20.Nf4 Rxc4 21.Rxc4 Qf6 22.Rc5 c6
23.Qg4 Nxf4 24.gxf4 Qxf4 25.Qxf4 Bxf4 26.e5 d3 27.Rd1 d2 28.Kg2 g5 29.h4 h6
30.hxg5 hxg5 31.a4 Kg7 32.Kf3 Re8 33.Kg2 Ra8 34.Kf3 Kg6 35.Ke4 Re8 36.Rxa5 b6
37.Ra6 Rxe5+ 38.Kd3 Rd5+ 39.Ke2 Re5+ 40.Kf1 Re4 41.Rxb6 Rxa4 42.Rxc6+ Kf5
43.Rc3 Ke5 44.Ke2 f5 45.Rc5+ Ke6 46.Kd3 Rb4 47.Kc3 Re4 48.Rc4 Be5+ 49.Kd3 Rxc4
50.Kxc4  1/2-1/2

[Event "Stare Mesto"]
[Site "Stare Mesto"]
[Date "1992.??.??"]
[Round "5"]
[White "Plachetka, Jan"]
[Black "Babula, Vlastimil"]
[Result "1-0"]
[WhiteElo "2475"]
[BlackElo "2380"]

1.d4 Nf6 2.c4 g6 3.Nc3 Bg7 4.e4 d6 5.Be2 O-O 6.Nf3 e5 7.O-O Nc6 8.d5 Ne7
9.Bd2 Nd7 10.Rc1 f5 11.Ng5 Nf6 12.f3 c6 13.Qb3 h6 14.Ne6 Bxe6 15.dxe6 Qc8
16.Be3 Qxe6 17.Rfd1 Kh7 18.Qxb7 Rfb8 19.Qa6 h5 20.c5 d5 21.exd5 Nfxd5 22.Nxd5 Nxd5
23.Bc4 Rd8 24.Bg5 Rd7 25.Rd2 Re8 26.Rcd1 e4 27.Bxd5 cxd5 28.Qxe6 Rxe6 29.Rxd5 Rxd5
30.Rxd5 Bxb2 31.Rd6 Re8 32.c6 e3 33.Rd7+ Bg7 34.Re7  1-0

[Event "Stockholm op"]
[Site "Stockholm"]
[Date "1992.??.??"]
[Round "?"]
[White "Bator, Robert"]
[Black "Johansson, Victoria"]
[Result "1-0"]
[WhiteElo "2345"]
[BlackElo "2140"]

1.d4 Nf6 2.c4 g6 3.Nc3 Bg7 4.e4 d6 5.Be2 O-O 6.Nf3 e5 7.O-O Nc6 8.d5 Ne7
9.b4 Nh5 10.g3 f5 11.Ng5 Nf6 12.f3 h6 13.Ne6 Bxe6 14.dxe6 Nc6 15.Nd5 Re8
16.Bd3 Nd4 17.Be3 fxe4 18.Bxe4 Nxe4 19.e7 Qd7 20.fxe4 c6 21.Nf6+ Bxf6 22.Rxf6 Kg7
23.Rf2 Qxe7 24.Qd2 g5 25.Raf1 Rf8 26.Bxd4 exd4 27.Qxd4+ Qe5 28.Qxe5+ dxe5
29.Rf5 Rae8 30.R1f2 Rxf5 31.Rxf5 Rd8 32.Rxe5 Kf6 33.Ra5 a6 34.b5 axb5 35.cxb5 cxb5
36.Rxb5 Rd1+ 37.Kf2 Rd2+ 38.Kf3 Rxa2 39.Rb6+ Ke5 40.Rxh6 b5 41.Rg6 Ra3+ 42.Kg4 b4
43.Rxg5+ Kxe4 44.Rb5 b3 45.h4 Kd3 46.h5 Kc2 47.h6 b2 48.h7 Ra8 49.Kg5 b1=Q
50.Rxb1 Kxb1 51.g4 Kc2 52.Kf6 Kd3 53.g5 Ke4 54.g6 Ra6+ 55.Kg5 Ra5+ 56.Kh6 Ra8
57.g7 Kf5 58.g8=Q  1-0

[Event "Rilton Cup"]
[Site "Stockholm"]
[Date "1992.??.??"]
[Round "1"]
[White "Sandstrom, Ludvig"]
[Black "Markovic, Mil"]
[Result "0-1"]
[WhiteElo "2295"]
[BlackElo "2265"]

1.d4 Nf6 2.Nf3 g6 3.c4 Bg7 4.Nc3 O-O 5.e4 d6 6.Be2 e5 7.O-O Nc6 8.d5 Ne7
9.Ne1 Nd7 10.Be3 f5 11.f3 f4 12.Bf2 h5 13.a4 g5 14.a5 Rf7 15.c5 Nf6 16.cxd6 cxd6
17.Nb5 g4 18.Nxa7 Bd7 19.Nb5 Nc8 20.Nc2 Rxa5 21.Rxa5 Qxa5 22.Qa1 Qd8 23.Kh1 Bf8
24.Qa8 g3 25.Bg1 gxh2 26.Bf2 h4 27.Bxh4 Rh7 28.Bxf6 Qxf6 29.Nc7 Bh3 30.gxh3 Rxc7
31.Na3 Qg5  0-1

[Event "SWZ-GP Suhr"]
[Site "Suhr"]
[Date "1992.??.??"]
[Round "4"]
[White "Chiong, Luiz"]
[Black "Gallagher, Joseph G"]
[Result "0-1"]
[WhiteElo "2350"]
[BlackElo "2510"]

1.d4 Nf6 2.c4 g6 3.Nc3 Bg7 4.e4 d6 5.Nf3 O-O 6.Be2 e5 7.O-O Nc6 8.d5 Ne7
9.Ne1 Nd7 10.Nd3 f5 11.Bd2 Kh8 12.f3 Nf6 13.Rc1 Neg8 14.c5 f4 15.cxd6 cxd6
16.Nf2 Ne8 17.a4 g5 18.Qc2 Rf7 19.Ra1 h5 20.Rfc1 Nh6 21.h3 Bf8 22.Nb5 a6
23.Na3 Rg7 24.Nc4 g4 25.fxg4 hxg4 26.hxg4 Nxg4 27.Bxg4 Bxg4 28.Nxg4 Rxg4
29.Ra3 Qg5 30.Rh3+ Kg8 31.Rh2 Nf6 32.Re1 Rc8 33.a5 Rc7 34.Bc1 Rh4 35.Rxh4 Qxh4
36.Bd2 Ng4 37.Bb4 Qh2+ 38.Kf1 Qh1+ 39.Ke2 Qxg2+ 40.Kd1 Qxc2+ 41.Kxc2 Rxc4+
42.Kb3 Rc7  0-1

[Event "Sweden"]
[Site "Sweden"]
[Date "1992.??.??"]
[Round "?"]
[White "Hultin, Johan"]
[Black "Andersson, Bjorn"]
[Result "0-1"]
[WhiteElo "2225"]
[BlackElo "2330"]

1.d4 Nf6 2.c4 g6 3.Nc3 Bg7 4.Nf3 O-O 5.e4 d6 6.Be2 e5 7.O-O Nc6 8.d5 Ne7
9.Ne1 Nd7 10.Be3 f5 11.f3 f4 12.Bf2 g5 13.Rc1 Ng6 14.Nb5 b6 15.b4 a6 16.Nc3 Rf7
17.c5 Bf8 18.Qa4 Rg7 19.cxb6 Nxb6 20.Qc2 Nh4 21.Kh1 h5 22.a4 g4 23.a5 g3
24.Bg1 Nxg2 25.Nxg2 Bh3 26.hxg3 Bxg2+ 27.Kxg2 Rxg3+ 28.Kh1 Rh3+ 29.Kg2 Qg5+  0-1

[Event "POL-ch (Women)"]
[Site "Swieradow"]
[Date "1992.??.??"]
[Round "5"]
[White "Lissowska, Anna"]
[Black "Slabek, Agnieszka"]
[Result "1-0"]
[WhiteElo "2235"]
[BlackElo "2155"]

1.d4 Nf6 2.c4 d6 3.Nf3 g6 4.Nc3 Bg7 5.e4 O-O 6.Be2 e5 7.O-O Nc6 8.d5 Ne7
9.b4 Nh5 10.g3 f5 11.Ng5 Nf6 12.f3 f4 13.b5 Kh8 14.Ba3 b6 15.Bb4 Qe8 16.a4 h6
17.Ne6 Bxe6 18.dxe6 fxg3 19.hxg3 Neg8 20.Nd5 Rc8 21.a5 Qxe6 22.Kg2 Nh7 23.axb6 axb6
24.Ra7 Rf7 25.Bd2 Ngf6 26.Rh1 Nh5 27.Ne3 Rcf8 28.Ng4 Ng5 29.Bxg5 hxg5 30.Ne3 Kg8
31.c5 Qf6 32.Bc4 Nf4+ 33.gxf4 gxf4 34.Ng4 Qg5 35.Bxf7+ Rxf7 36.Ra8+ Bf8 37.Rh6  1-0

[Event "SWZ-chI op"]
[Site "?"]
[Date "1992.??.??"]
[Round "4"]
[White "Cebalo, Miso"]
[Black "Van Wely, Loek"]
[Result "1/2-1/2"]
[WhiteElo "2500"]
[BlackElo "2525"]

1.d4 Nf6 2.Nf3 g6 3.c4 Bg7 4.Nc3 d6 5.e4 O-O 6.Be2 e5 7.O-O Nc6 8.Be3 Ng4
9.Bg5 f6 10.Bc1 exd4 11.Nxd4 Nxd4 12.Qxd4 Be6 13.Bxg4 f5 14.Qd3 fxg4 15.Be3 Be5
16.Bd4 Qf6 17.Bxe5 dxe5 18.b3 c6 19.Rad1 Rad8 20.Qe3 b6 21.c5 Rd4 22.Ne2 Rxd1
23.Rxd1 Rd8 24.Rxd8+ Qxd8 25.Nc3 b5 26.f3 b4 27.Ne2 Qd1+ 28.Kf2 gxf3 29.gxf3 Qc2
30.Qc1 Qxa2 31.Qg5 Bxb3  1/2-1/2

[Event "SWZ-chI op"]
[Site "?"]
[Date "1992.??.??"]
[Round "6"]
[White "Cebalo, Miso"]
[Black "Brenninkmeijer, Joris"]
[Result "1/2-1/2"]
[WhiteElo "2500"]
[BlackElo "2485"]

1.d4 Nf6 2.Nf3 g6 3.c4 Bg7 4.Nc3 O-O 5.e4 d6 6.Be2 e5 7.O-O Nc6 8.Be3 Ng4
9.Bg5 f6 10.Bc1 Nxd4 11.Nxd4 exd4 12.Qxd4 Be6 13.Bxg4 f5 14.Qd3 fxg4 15.Be3 Be5
16.Bd4 Qf6 17.Bxe5 dxe5 18.b3 c6 19.Rad1 Rad8 20.Qe3 b6 21.Ne2 Rxd1 22.Rxd1 Rd8
23.Rd3 Rxd3 24.Qxd3 Qe7 25.Kf1 Kf7 26.Ke1 Qa3 27.Qd2 b5 28.cxb5 cxb5 29.Nc1 Qc5
30.Ke2 Qc6 31.f3 Qc5 32.Nd3 Qg1 33.Nxe5+ Kf6 34.Qf4+ Kg7 35.Nxg4 Qxg2+ 36.Nf2 Bh3
37.Qc7+ Kh6 38.Qc1+ g5 39.Qh1 Qxh1 40.Nxh1 Be6 41.Nf2 a5 42.Kd3 Kg6 43.Kd4 a4
44.bxa4 bxa4 45.a3 h5 46.Ke5 Bc4 47.f4 g4 48.Kd4 Bf1 49.Ke3 Bg2 50.Nd1 h4
51.Nc3 Bh1 52.Nb1 Bf3 53.Nc3 Bh1 54.Ne2 Kh5 55.e5 g3 56.Nxg3+ hxg3 57.hxg3 Bd5
58.Kd4 Bb3 59.Kc5 Kg4 60.Kd6 Kxg3 61.f5 Kf4 62.f6 Kf5 63.Kc5  1/2-1/2

[Event "Sydney op"]
[Site "Sydney"]
[Date "1992.??.??"]
[Round "6"]
[White "Rogers, Ian"]
[Black "Levi, Eddy"]
[Result "1-0"]
[WhiteElo "2565"]
[BlackElo "2315"]

1.Nf3 Nf6 2.c4 g6 3.Nc3 Bg7 4.e4 d6 5.d4 O-O 6.Be2 e5 7.O-O Nc6 8.Be3 Ng4
9.Bg5 f6 10.Bh4 Nh6 11.d5 Ne7 12.Nd2 Nf7 13.f3 f5 14.b4 g5 15.Bf2 f4 16.c5 Ng6
17.Rc1 Kh8 18.Nc4 Rg8 19.cxd6 cxd6 20.Nb5 b6 21.a4 Bf8 22.a5 Bd7 23.Nc7 Rc8
24.axb6 axb6 25.Ne6 Qe7 26.Nxb6 Rxc1 27.Qxc1 Bxe6 28.dxe6 Qxe6 29.Qc4 Qf6
30.b5 Nh4 31.Nd5 Qh6 32.Qc7 Rg7 33.Qc8 Rg8 34.Qd7 Qg6 35.b6 Nxf3+ 36.Bxf3 g4
37.Qxg4 Ng5 38.Bh4 Qh6 39.Bxg5 Rxg5 40.Qc8 Rg8 41.b7  1-0